书目信息 |
| 题名: |
英语妙趣
|
|
| 作者: | 庄以淳 编译 ;李洁连 选辑 | |
| 分册: | ||
| 出版信息: | 北京 商务印书馆国际有限公司 1996 |
|
| 页数: | 183页 | |
| 开本: | 20cm | |
| 丛书名: | 当代英语 | |
| 单 册: | ||
| 中图分类: | H313.3 , H31 | |
| 科图分类: | ||
| 主题词: | 英语-社会习惯语--自学参考资料 , 社会习惯语-英语--自学参考资料 , 英语 | |
| 电子资源: | ||
| ISBN: | 7-80103-048-6 | |
| 000 | 00976nam2 2200325 45 | |
| 001 | 0197010176 | |
| 005 | 20040512151136.6 | |
| 010 | @a7-80103-048-6@dCNY9.80 | |
| 100 | @a19970409d1996 em y0chiy0121 ea | |
| 101 | 0 | @achi@aeng |
| 102 | @aCN@b110000 | |
| 105 | @af z 000yy | |
| 106 | @ar | |
| 200 | 10 | @a英语妙趣@Aying yu miao qu@f庄以淳编译@g李洁连选辑 |
| 210 | @a北京@c商务印书馆国际有限公司@d1996 | |
| 215 | @a183页@c插图@d20cm | |
| 225 | 2 | @a当代英语@dContemporary English@zeng |
| 300 | @a并列题名:The cream of catch idioms | |
| 300 | @a据商务印书馆(香港)有限公司1989年版编印 | |
| 410 | 0 | @120010@a当代英语 |
| 510 | 1 | @aThe cream of catch idioms@zeng |
| 606 | @a英语-社会习惯语@x自学参考资料 | |
| 606 | @a社会习惯语-英语@x自学参考资料 | |
| 606 | 0 | @a英语 |
| 690 | @aH313.3@v3 | |
| 690 | @aH31 | |
| 701 | 0 | @a庄以淳@Azhuang yi chun@4编译 |
| 702 | 0 | @a李洁连@Ali jie lian@4选辑 |
| 801 | 0 | @aCN@bNLC@c19970514 |
| 905 | @f1@b272773@dH31@e398:5 | |
| 英语妙趣/庄以淳编译/李洁连选辑.-北京:商务印书馆国际有限公司,1996 |
| 183页:插图;20cm.-(当代英语=Contemporary English) |
| 并列题名:The cream of catch idioms.-据商务印书馆(香港)有限公司1989年版编印 |
| ISBN 7-80103-048-6:CNY9.80 |
| ● |
| 相关链接 |
|
|
|
|
正题名:英语妙趣
索取号:H31/398:5
 
预约/预借
| 序号 | 登录号 | 条形码 | 馆藏地/架位号 | 状态 | 备注 |
| 1 | 0272772 | 000944599 | 第二样本阅览室/ [索取号:H31/398:5] | 在馆 | |
| 2 | 0272773 | 000944633 | 第四借阅区/ [索取号:H31/398:5] | 在馆 |